The hellenistic world and the comming of Rome
Αποθηκεύτηκε σε:
| Κύριος συγγραφέας: | |
|---|---|
| Μορφή: | Βιβλίο |
| Γλώσσα: | English |
| Δημοσίευση: |
Berkeley :
University of California Press,
c1986
|
| Θέματα: | |
| Ετικέτες: |
Προσθήκη ετικέτας
Δεν υπάρχουν, Καταχωρήστε ετικέτα πρώτοι!
|
MARC
| LEADER | 00000nam a2200000 i 4500 | ||
|---|---|---|---|
| 001 | 1/58474 | ||
| 008 | 040630s1986 eng d | ||
| 020 | |a 0-520-05737-6 | ||
| 035 | |l 10073950 | ||
| 040 | |a GR-MY-UA |b gre |e aacr | ||
| 041 | 0 | |a eng | |
| 082 | 0 | |a 937.02 |2 (21) | |
| 100 | 1 | |a Gruen, Erich S. | |
| 245 | 1 | 4 | |a The hellenistic world and the comming of Rome / |c Erich S. Gruen |
| 260 | |a Berkeley : |b University of California Press, |c c1986 | ||
| 300 | |a 862 σ.; |c 23 εκ. | ||
| 500 | |a Δύο τόμοι σε ένα | ||
| 504 | |a Περιέχει βιβλιογραφία και ευρετήριο | ||
| 650 | 0 | 0 | |a Hellenism. |
| 650 | 0 | 0 | |a Imperialism. |
| 651 | 0 | |a Rome |x History |y Republic, 510-30 B.C. | |
| 651 | 0 | |a Greece |x History |y To 146 B.C. | |
| 852 | |a INST |b LESVOS |e 20040630 |h 937.02 GRU |p 005100030616 |q 005100030616 |t BK |y 0 | ||
| 901 | |a BIBL1-2004-2 | ||
| 909 | |a Λ |b 111779 | ||
| 920 | |a ΤΑΚΤΙΚΟΣ ΚΟΙΝΩΝΙΚΗΣ ΑΝΘΡΩΠΟΛΟΓΙΑΣ ΚΑΙ ΙΣΤΟΡΙΑΣ |y ΛΕΣΒΟΣ |z 2004-06 | ||
| 970 | |a ΤΖΑΦΕΡΗ |b ΕΥΑΓΓΕΛΙΑ |z 2004/06/30 | ||